Normal view
MARC view
- Dylan Bob
Entry Personal Name
001 - CONTROL NUMBER
- control field: 1185
003 - CONTROL NUMBER IDENTIFIER
- control field: IT-RoPau
005 - DATE AND TIME OF LATEST TRANSACTION
- control field: 20131107153259.0
008 - FIXED-LENGTH DATA ELEMENTS
- fixed length control field: 131107|| aca||aabn | a|a d
040 ## - CATALOGING SOURCE
- Original cataloging agency: IT-RoPau
- Transcribing agency: IT-RoPau
100 ## - HEADING--PERSONAL NAME
- Personal name: Dylan Bob
670 ## - SOURCE DATA FOUND
- Source citation: Work cat.: (IT-RoPau)101529: Dylan Bob, Any Day Now (2 Lp Sval 33011)